000 00570cam a22002053a 4500
001 33902
003 PGUSA
005 20140828083731.0
008 101029s2010||||xxu|||||s|||||000 | eng d
040 _aPGUSA
_beng
042 _adc
100 1 _aBrooke, Rupert,
_d1887-1915
245 1 0 _a1914 and Other Poems
_h[electronic resource] /
_cRupert Brooke
260 _bProject Gutenberg,
_c2010
506 _aPublic domain in the USA.
516 _aElectronic text
830 0 _aProject Gutenberg
_v33902
856 4 0 _uhttp://www.gutenberg.org/ebooks/33902
942 _cEB
999 _c263157
_d263157